The ant on the ground / (Record no. 8529)

MARC details
000 -LEADER
fixed length control field 01121pam a2200349 a 4500
001 - CONTROL NUMBER
control field 8529
003 - CONTROL NUMBER IDENTIFIER
control field FISKH
005 - DATE AND TIME OF LATEST TRANSACTION
control field 20250918094900.0
008 - FIXED-LENGTH DATA ELEMENTS--GENERAL INFORMATION
fixed length control field 890317s1989 wiua j 001 0 eng
010 ## - LIBRARY OF CONGRESS CONTROL NUMBER
LC control number 89004460
020 ## - INTERNATIONAL STANDARD BOOK NUMBER
International Standard Book Number 0836801113
Qualifying information lib. bdg.
020 ## - INTERNATIONAL STANDARD BOOK NUMBER
International Standard Book Number 9780836801118
Qualifying information (lib. bdg.)
040 ## - CATALOGING SOURCE
Original cataloging agency DLC
Transcribing agency DLC
Modifying agency DLC
Language of cataloging eng
050 00 - LIBRARY OF CONGRESS CALL NUMBER
Classification number QL568.F7
Item number L67 1989
082 00 - DEWEY DECIMAL CLASSIFICATION NUMBER
Classification number 595.79/6
Edition number 20
100 1# - MAIN ENTRY--PERSONAL NAME
Personal name Losito, Linda.
245 14 - TITLE STATEMENT
Title The ant on the ground /
Statement of responsibility, etc. text by Linda Losito ; photographs by Oxford Scientific Films.
250 ## - EDITION STATEMENT
Edition statement North American ed.
260 ## - PUBLICATION, DISTRIBUTION, ETC.
Place of publication, distribution, etc. Milwaukee :
Name of publisher, distributor, etc. Gareth Stevens ,
Date of publication, distribution, etc. 1989.
300 ## - PHYSICAL DESCRIPTION
Extent 32 pages :
Other physical details color illustrations ;
Dimensions 25 cm
440 #0 - SERIES STATEMENT/ADDED ENTRY--TITLE
Title Animal habitats
500 ## - GENERAL NOTE
General note Includes index.
505 ## - FORMATTED CONTENTS NOTE
Formatted contents note P<br/>
520 ## - SUMMARY, ETC.
Summary, etc. Text and photographs depict ants in their natural habitats, illustrating how they feed, defend themselves, and breed.
521 8# - TARGET AUDIENCE NOTE
Target audience note 600<br/>
Source Lexile estimate<br/>
521 8# - TARGET AUDIENCE NOTE
Target audience note P<br/>
Source Raz-Plus<br/>
650 #0 - SUBJECT ADDED ENTRY--TOPICAL TERM
Topical term or geographic name entry element Ants
General subdivision Juvenile literature.
650 #1 - SUBJECT ADDED ENTRY--TOPICAL TERM
Topical term or geographic name entry element Ants.
906 ## - LOCAL DATA ELEMENT F, LDF (RLIN)
a 7
b cbc
c orignew
d 1
e ocip
f 19
g y-gencatlg
942 ## - ADDED ENTRY ELEMENTS (KOHA)
Source of classification or shelving scheme Dewey Decimal Classification
Koha item type Books
Suppress in OPAC No
Holdings
Withdrawn status Lost status Source of classification or shelving scheme Damaged status Not for loan Collection Home library Current library Shelving location Date acquired Total Checkouts Full call number Barcode Date last seen Copy number Price effective from Koha item type
    Dewey Decimal Classification     Non-Fiction Footprints International School Library Network Toul Tom Poung Campus Footprints International School Library Network Toul Tom Poung Campus TTP Primary Yellow Bookshelves 09/18/2025   LOS 595.79 QL568.F7 L67 FIS01203 09/18/2025 1 09/18/2025 Books